000 00728nam a2200241Ia 4500
003 OSt
005 20220927105209.0
006 a|||||r|||| 00| 0
007 ta
008 220926b |||||||| |||| 00| 0 eng d
024 _a159509
037 _cReference Collections
040 _aRTL
_cRTL
_beng
041 _2eng
_aeng
082 _a"X71.236.N63, K3"
110 _aGUJRAT (Govt. of-)
_9370842
245 0 _aMemorandum
_b Explaining the figures in the civil budget estimates
260 _aRajkot
_bGovt. Printing and Stationary
_c1963
300 _a315p
_ccm.
700 _aGUJRAT (Govt. of-)
_9370843
942 _h"X71.236.N63, K3"
_cCC
999 _c691115
_d691115